Statistics for Klay Thompson

Click here to take the quiz!

General Stats

  • This quiz has been taken 673 times
  • The average score is 5 of 12

Answer Stats

QuestionAnswer% Correct
All Star games selected for1
91%
Pick11
77%
Most Points60
76%
Most Points in a Quarter37
75%
Drafted2011
68%
TeamGolden State Warriors
67%
Full NameKlay Alexander Thompson
24%
CollegeWashington State University
13%
Height201cm
5%
D.O.B8 February, 1990
5%
Salary15.5 Million USD
2%
Profiles (Social Media)Facebook, Instagram, Twitter
1%

Score Distribution

Percentile by Number Answered

Percent of People with Each Score

Your Score History

You have not taken this quiz